Análisis comparativo de dos paquetes de "Software" especializados para el control de obras de construcción, para la empresa Terraroccia S.A.

Gorde:
Xehetasun bibliografikoak
Egile nagusia: Ruilova Rescia, Adrián
Formatua: Liburua
Hizkuntza:Spanish
Argitaratua: [San José ], Costa Rica 2010
Gaiak:
Etiketak: Etiketa erantsi
Etiketarik gabe, Izan zaitez lehena erregistro honi etiketa jartzen!

MARC

LEADER 00000nam a22000007a 4500
003 013022
005 20221231144424.0
008 190408b2010 c a|||| |nm| 00| ||spa d
040 |c cru CEDI 
090 |a TFG 8172 
100 |9 14958  |a Ruilova Rescia, Adrián 
245 |a Análisis comparativo de dos paquetes de "Software" especializados para el control de obras de construcción, para la empresa Terraroccia S.A.  
260 |a [San José ], Costa Rica  |c 2010 
300 |a  vii, 126 hojas  
500 |a Tesis (posgrado en ingeniería civil con énfasis en administración de la construcción)--Universidad de Costa Rica. Sistema de Estudios de Posgrado 
501 |a Director del Proyecto: Ing. Marcos Rodríguez Msc.  
650 |x TERRAROCCIA S.A. (COSTA RICA)   |x O4B (PROGRAMAS PARA COMPUTADORA)   |x SICOV (PROGRAMAS PARA COMPUTADORA)   |x  EVALUACION   |x CONSTRUCCION   |x  PROGRAMAS PARA COMPUTADORA   |x PROGRAMAS DE APLICACION  |9 16367 
942 |c TFG 
999 |c 21664  |d 21664